01119 2200181 4500001002100000005001500021035002000036245006700056100003100123250001700154300002800171260003900199082000800238084001400246020002200260650002100282520063400303INLIS00000000000074120241019075649 a0010-10240000341 aEnsiklopedia IPA :bBuku 3 Hewan /cNurcahyawati Windri Astuti0 aNurcahyawati Windri Astuti aCetakan ke-1 a56 hlm :bIlus ;c25 cm aBekasi :bUranus publishing,c2011 a503 a503 NUR e a978-602-8637-28-2 4aEnsiklopedia ipa aIlmu pengetahuan alam adalah salah satu cabang ilmu yang seringkali menakutkan bagi anak-anak. Walaupun, sebenarnya belajar ilmu pengetahuan alam dapat dilihat atau dirasakan dari kehidupan sehari-hari. Banyak bertanya dan membaca adalah salah satu kunci untuk memahami pengetahuan. Maka dari itu, keenam ensiklopedia ilmu pengetahuan alam ini dibuat. Anak-anak dapat mempelajari bumi, angkasa dan tata Surya, hewan, tumbuhan, tubuh manusia, dan teknologi. Metode yang dibuat pun sangat sederhana, berupa pertanyaan dan jawaban disertai gambar-gambar yang menarik. Mempelajari ilmu pengetahuan alam kita tak lagi membosankan.